[Event "DEM U10w 2019"]
[Site "Willingen GER"]
[Date "2019.06.10"]
[Round "3"]
[White "Krasikova, Milana"]
[Black "Bauer, Laura Sophie"]
[Result "0-1"]
[Termination "normal"]
[Board "11"]
[WhiteElo "1023"]
[BlackElo "1356"]
[PlyCount "198"]
[WhiteFideId "16287347"]
[BlackFideId "16253647"]
[EventCountry "GER"]
[EventRounds "11"]
[EventType "swiss"]
[EventDate "2019.06.08"]

1. e4 c5 2. Nf3 e6 3. d4 cxd4 4. Nxd4 Nf6 5. Nc3 Bb4 6. e5 Nd5 7. Qg4 Nxc3 8.
a3 Nd5+ 9. axb4 Nxb4 10. Qxg7 Rf8 11. Bh6 Qe7 12. Qxh7 N8c6 13. Nxc6 dxc6 14.
Bxf8 Qxf8 15. Bc4 b5 16. Be2 Qc5 17. O-O Qxc2 18. Qxc2 Nxc2 19. Rac1 Nd4 20.
Rfe1 Bb7 21. f3 O-O-O 22. Bf1 Rg8 23. g3 Nxf3+ 24. Kf2 Nxe1 25. Kxe1 Kb8 26.
Bg2 Rc8 27. h4 c5 28. Bxb7 Kxb7 29. h5 Kb6 30. g4 Rg8 31. h6 Rxg4 32. h7 Rh4
33. Kd2 Rxh7 34. Rf1 Rh2+ 35. Kc1 Rh7 36. Kd2 a5 37. Kc2 b4 38. Kb3 Kb5 39. Rf4
Rh5 40. Rxf7 Rxe5 41. Rb7+ Ka6 42. Re7 Re4 43. Kc2 c4 44. Rc7 Kb5 45. Rb7+ Kc5
46. Ra7 b3+ 47. Kc3 Re3+ 48. Kd2 Rd3+ 49. Ke2 Kd4 50. Rxa5 c3 51. bxc3+ Rxc3
52. Kd2 Rc6 53. Ra4+ Rc4 54. Ra3 Rb4 55. Ra1 e5 56. Rb1 e4 57. Ke2 Kc3 58. Kd1
e3 59. Ke1 Kc2 60. Rxb3 Rxb3 61. Ke2 Rb1 62. Kxe3 Rd1 63. Ke2 Rd8 64. Ke3 Kc1
65. Ke2 Rd7 66. Ke3 Kc2 67. Ke4 Kc3 68. Ke5 Kc4 69. Ke6 Rd1 70. Ke5 Rd2 71. Ke6
Kc5 72. Ke7 Kc6 73. Ke8 Kc7 74. Ke7 Re2+ 75. Kf6 Kd6 76. Kf5 Re8 77. Kf4 Kd5
78. Kf3 Kd4 79. Kf2 Kd3 80. Kf1 Kd2 81. Kf2 Rf8+ 82. Kg3 Ke2 83. Kg4 Ke3 84.
Kg5 Ke4 85. Kg6 Ke5 86. Kg7 Rf2 87. Kg6 Rf1 88. Kg7 Ke6 89. Kg8 Ke7 90. Kh7 Rg1
91. Kh6 Kf7 92. Kh5 Kf6 93. Kh4 Kf5 94. Kh3 Kf4 95. Kh2 Rg7 96. Kh3 Rg6 97. Kh2
Kf3 98. Kh1 Kf2 99. Kh2 Rh6# 0-1

[Event "DEM U10w 2019"]
[Site "Willingen GER"]
[Date "2019.06.10"]
[Round "3"]
[White "Moldovan, Stela"]
[Black "Le, Thao-Linh"]
[Result "1-0"]
[Termination "normal"]
[Board "12"]
[WhiteElo "1193"]
[BlackElo "1014"]
[PlyCount "41"]
[WhiteFideId "16287380"]
[BlackFideId "16279131"]
[EventCountry "GER"]
[EventRounds "11"]
[EventType "swiss"]
[EventDate "2019.06.08"]

1. e4 e5 2. Nf3 Nf6 3. Nxe5 d6 4. Nf3 Nxe4 5. Nc3 Qe7 6. Be2 Bg4 7. O-O Nc6 8.
Nd5 Qd7 9. Ng5 Nxg5 10. Bxg4 Qd8 11. Re1+ Be7 12. d3 O-O 13. b4 Bf6 14. Rb1 b5
15. Bf3 Re8 16. Nxf6+ Qxf6 17. Bxc6 Rxe1+ 18. Qxe1 Rb8 19. Qe3 Qc3 20. Bb7 Rxb7
21. Qe8# 1-0

[Event "DEM U10w 2019"]
[Site "Willingen GER"]
[Date "2019.06.10"]
[Round "3"]
[White "Czäczine, Paula"]
[Black "Struebel, Katharina"]
[Result "1-0"]
[Termination "normal"]
[Board "14"]
[WhiteElo "1170"]
[BlackElo "852"]
[PlyCount "105"]
[WhiteFideId "16249305"]
[BlackFideId "16284879"]
[EventCountry "GER"]
[EventRounds "11"]
[EventType "swiss"]
[EventDate "2019.06.08"]

1. e4 e5 2. Nf3 Nc6 3. d4 exd4 4. Nxd4 Bc5 5. Be3 d6 6. Bc4 Nf6 7. Nc3 Be6 8.
Bxe6 fxe6 9. Nxe6 Qe7 10. Nxc5 dxc5 11. O-O O-O 12. Qe2 Nxe4 13. Qc4+ Kh8 14.
Qxe4 Qxe4 15. Nxe4 Nb4 16. Bxc5 Nxc2 17. Bxf8 Nxa1 18. Bxg7+ Kxg7 19. Rxa1 Re8
20. f3 Kg6 21. Kf2 h5 22. Ke3 c5 23. Kd3 b6 24. Kc4 a5 25. Kb5 Re6 26. Rd1 Kf5
27. Rd6 Rxd6 28. Nxd6+ Ke6 29. Nc4 Kf5 30. Kxb6 a4 31. Kxc5 Kf4 32. b4 axb3 33.
axb3 Kf5 34. Kc6 Ke6 35. b4 Ke7 36. Kc7 Ke6 37. b5 Kd5 38. b6 Kxc4 39. b7 Kd3
40. b8=Q Kd4 41. Qh8+ Kd5 42. Qxh5+ Kd4 43. Kd6 Kc4 44. Qd5+ Kc3 45. Qe4 Kd2
46. Kc5 Kc3 47. Qd4+ Kc2 48. Kc4 Kc1 49. Qd3 Kb2 50. Kb4 Ka2 51. Qd2+ Kb1 52.
Kb3 Ka1 53. Qb2# 1-0

[Event "DEM U10w 2019"]
[Site "Willingen GER"]
[Date "2019.06.10"]
[Round "3"]
[White "Haug, Mara"]
[Black "Marrufo, Emilia"]
[Result "1-0"]
[Termination "normal"]
[Board "15"]
[WhiteElo "1097"]
[BlackElo "753"]
[PlyCount "105"]
[WhiteFideId "16259300"]
[BlackFideId "16287363"]
[EventCountry "GER"]
[EventRounds "11"]
[EventType "swiss"]
[EventDate "2019.06.08"]

1. e4 d5 2. exd5 Qxd5 3. Nc3 Qd8 4. Bc4 e6 5. Nf3 Nf6 6. d4 Bd7 7. Bf4 Ba4 8.
Nxa4 Nbd7 9. O-O Bd6 10. Bg5 h6 11. Bh4 Be7 12. Re1 O-O 13. Qd3 Ng4 14. Re4 h5
15. Bg3 h4 16. Rxg4 hxg3 17. Rxg3 Bh4 18. Nxh4 Qxh4 19. Rh3 Ne5 20. dxe5 Qxh3
21. Qxh3 Rad8 22. Bd3 f6 23. Bg6 Rf7 24. Qh7+ Kf8 25. Qh8+ Ke7 26. Qxd8+ Kxd8
27. Bxf7 c6 28. exf6 gxf6 29. Bxe6 Ke7 30. Re1 b5 31. Nc5 a5 32. Bd7+ Kd6 33.
Re6+ Kxc5 34. Rxf6 a4 35. Bxc6 a3 36. bxa3 Kb6 37. a4 b4 38. Bb5+ Ka5 39. Rf4
Kb6 40. Rxb4 Kc5 41. Rc4+ Kd5 42. a5 Kd6 43. a6 Kd5 44. a7 Kd6 45. a8=Q Ke6 46.
Qd8 Ke5 47. Rd4 Ke6 48. Re4+ Kf5 49. Qe8 Kf6 50. Rf4+ Kg5 51. Rf7 Kh5 52. Rg7+
Kh4 53. Qh8# 1-0

[Event "DEM U10w 2019"]
[Site "Willingen GER"]
[Date "2019.06.10"]
[Round "3"]
[White "Helber, Anna"]
[Black "Richter, Johanna"]
[Result "0-1"]
[Termination "normal"]
[Board "16"]
[WhiteElo "896"]
[BlackElo "936"]
[PlyCount "68"]
[WhiteFideId "16287290"]
[BlackFideId "16278925"]
[EventCountry "GER"]
[EventRounds "11"]
[EventType "swiss"]
[EventDate "2019.06.08"]

1. e4 d6 2. d4 Nf6 3. Nc3 g6 4. Nf3 Bg7 5. h3 O-O 6. Bc4 Nc6 7. Be3 e5 8. d5
Ne7 9. O-O Bd7 10. Bg5 c6 11. Qd2 Rc8 12. b3 b5 13. Bd3 Qa5 14. a3 cxd5 15. b4
Qa6 16. exd5 Nexd5 17. Nxd5 Nxd5 18. Be4 Nc7 19. Ne1 Bc6 20. Bf3 e4 21. Bg4
Bxa1 22. Bxc8 Rxc8 23. c3 Qxa3 24. Nc2 Qxc3 25. Qxc3 Bxc3 26. Rd1 Be5 27. Bh6
Ra8 28. Ne3 a5 29. Ng4 a4 30. Nxe5 dxe5 31. Rd6 Be8 32. Rb6 Nd5 33. Rd6 Nxb4
34. Rb6 a3 0-1

[Event "DEM U10w 2019"]
[Site "Willingen GER"]
[Date "2019.06.10"]
[Round "3"]
[White "Orlova, Anna-Daria"]
[Black "Schülke, Rosalie"]
[Result "0-1"]
[Termination "normal"]
[Board "17"]
[WhiteElo "1095"]
[BlackElo "995"]
[PlyCount "48"]
[WhiteFideId "16275381"]
[BlackFideId "16287436"]
[EventCountry "GER"]
[EventRounds "11"]
[EventType "swiss"]
[EventDate "2019.06.08"]

1. e4 e6 2. d4 d5 3. e5 c5 4. dxc5 Bxc5 5. Bd3 Nc6 6. Nf3 Nge7 7. c3 Qb6 8. O-O
Ng6 9. Re1 Bxf2+ 10. Kh1 Bxe1 11. Qxe1 Bd7 12. a3 a5 13. Ra2 h6 14. Nbd2 Qc7
15. Bxg6 fxg6 16. Nf1 O-O-O 17. Bd2 Rdf8 18. b4 a4 19. Rb2 b5 20. Qe2 Ne7 21.
Ne3 Nf5 22. h3 Ng3+ 23. Kh2 Nxe2 24. Rc2 Kd8 0-1

[Event "DEM U10w 2019"]
[Site "Willingen GER"]
[Date "2019.06.10"]
[Round "3"]
[White "Janssen, Julika"]
[Black "Neininger, Sarah"]
[Result "0-1"]
[Termination "normal"]
[Board "21"]
[WhiteElo "839"]
[BlackElo "920"]
[PlyCount "124"]
[WhiteFideId "16287339"]
[BlackFideId "16287410"]
[EventCountry "GER"]
[EventRounds "11"]
[EventType "swiss"]
[EventDate "2019.06.08"]

1. e4 d5 2. exd5 Nf6 3. Nf3 Nxd5 4. d4 g6 5. c4 Nb6 6. Nc3 Bg7 7. Be3 O-O 8.
Be2 Bf5 9. Qd2 Nc6 10. Rd1 e5 11. O-O e4 12. Ng5 h6 13. Ngxe4 Qh4 14. Ng3 Bd7
15. h3 f5 16. b3 f4 17. Bf3 fxg3 18. fxg3 Qxg3 19. Bxh6 Bxh3 20. Nd5 Nxd5 21.
Bxd5+ Kh8 22. Rxf8+ Rxf8 23. Bxg7+ Kxg7 24. Rf1 Rxf1+ 25. Kxf1 Bg4 26. Qf2 Qd3+
27. Kg1 Qd1+ 28. Qf1 Qxd4+ 29. Kh1 Ne5 30. Bxb7 Nd3 31. Bd5 Nf2+ 32. Kg1 Nh3+
33. Kh1 Nf4 34. b4 Nxd5 35. cxd5 Qxd5 36. Qf4 Bh3 37. Qxc7+ Kh6 38. Qf4+ g5 39.
Qh2 g4 40. Qf4+ Kh5 41. Qg3 Qe4 42. Kh2 Qe2 43. b5 Qxa2 44. Kh1 Qb1+ 45. Kh2
Qc2 46. Kh1 Qd1+ 47. Kh2 Qe2 48. Kh1 Qxb5 49. gxh3 Qf1+ 50. Kh2 Qxh3+ 51. Qxh3+
gxh3 52. Kxh3 a5 53. Kg2 a4 54. Kf2 a3 55. Ke2 a2 56. Kd2 a1=Q 57. Kc2 Qa3 58.
Kd2 Kg4 59. Ke2 Kf4 60. Kf2 Qa2+ 61. Ke1 Ke3 62. Kf1 Qf2# 0-1

[Event "DEM U10w 2019"]
[Site "Willingen GER"]
[Date "2019.06.11"]
[Round "5"]
[White "Wartenberg, Alissa"]
[Black "Mirnaya, Veronika"]
[Result "1/2-1/2"]
[Termination "normal"]
[Board "1"]
[WhiteElo "1291"]
[BlackElo "1237"]
[WhiteClock "00:52:56"]
[BlackClock "00:15:11"]
[PlyCount "130"]
[WhiteFideId "16280741"]
[BlackFideId "16277406"]
[EventCountry "GER"]
[EventRounds "11"]
[EventType "swiss"]
[EventDate "2019.06.08"]

1. e4 {[%clk 1:15:57]} 1... e5 {[%clk 1:15:59]} 2. Nf3 {[%clk 1:16:19]} 2...
Nc6 {[%clk 1:16:22]} 3. Nc3 {[%clk 1:16:40]} 3... Nf6 {[%clk 1:16:44]} 4. d4 {
[%clk 1:16:57]} 4... exd4 {[%clk 1:16:57]} 5. Nxd4 {[%clk 1:17:15]} 5... Bb4 {
[%clk 1:17:16]} 6. Nxc6 {[%clk 1:17:37]} 6... bxc6 {[%clk 1:17:37]} 7. Bd3 {
[%clk 1:17:48]} 7... d5 {[%clk 1:17:11]} 8. exd5 {[%clk 1:18:09]} 8... cxd5 {
[%clk 1:17:28]} 9. O-O {[%clk 1:18:28]} 9... O-O {[%clk 1:17:37]} 10. Bg5 {
[%clk 1:18:50]} 10... c6 {[%clk 1:17:19]} 11. Qf3 {[%clk 1:19:00]} 11... Be7 {
[%clk 1:17:13]} 12. h3 {[%clk 1:17:09]} 12... h6 {[%clk 1:15:17]} 13. Bf4 {
[%clk 1:17:27]} 13... Bb7 {[%clk 1:12:27]} 14. Qg3 {[%clk 1:14:49]} 14... Nh5 {
[%clk 1:12:13]} 15. Qg4 {[%clk 1:13:04]} 15... Nxf4 {[%clk 1:12:29]} 16. Qxf4 {
[%clk 1:13:23]} 16... c5 {[%clk 1:10:20]} 17. Rad1 {[%clk 1:12:57]} 17... Bd6 {
[%clk 1:08:27]} 18. Qf3 {[%clk 1:12:06]} 18... Qd7 {[%clk 1:07:52]} 19. Bb5 {
[%clk 1:10:50]} 19... d4 {[%clk 1:01:47]} 20. Bxd7 {[%clk 1:11:14]} 20... Bxf3
{[%clk 1:02:12]} 21. gxf3 {[%clk 1:11:39]} 21... Rad8 {[%clk 1:02:11]} 22. Ba4
{[%clk 1:10:54]} 22... dxc3 {[%clk 1:02:31]} 23. bxc3 {[%clk 1:11:14]} 23...
Be5 {[%clk 1:01:48]} 24. c4 {[%clk 1:11:10]} 24... Bd4 {[%clk 1:01:43]} 25. Rd3
{[%clk 1:11:16]} 25... a5 {[%clk 1:00:29]} 26. Rfd1 {[%clk 1:11:16]} 26... Rb8
{[%clk 0:58:34]} 27. Bb5 {[%clk 1:10:22]} 27... Rb6 {[%clk 0:56:30]} 28. c3 {
[%clk 1:09:24]} 28... Rg6+ {[%clk 0:56:15]} 29. Kf1 {[%clk 1:09:11]} 29... Be5
{[%clk 0:55:16]} 30. Rd5 {[%clk 1:09:14]} 30... Bxc3 {[%clk 0:55:26]} 31. Rxc5
{[%clk 1:09:39]} 31... Bb4 {[%clk 0:54:26]} 32. Rcd5 {[%clk 1:09:27]} 32... Rc8
{[%clk 0:52:00]} 33. Rd8+ {[%clk 1:09:24]} 33... Rxd8 {[%clk 0:51:58]} 34.
Rxd8+ {[%clk 1:09:44]} 34... Kh7 {[%clk 0:46:12]} 35. c5 {[%clk 1:07:52]} 35...
Rf6 {[%clk 0:46:08]} 36. c6 {[%clk 1:07:03]} 36... Bd6 {[%clk 0:44:38]} 37. Ra8
{[%clk 1:03:33]} 37... Rxf3 {[%clk 0:40:14]} 38. Rxa5 {[%clk 1:03:02]} 38...
Rc3 {[%clk 0:39:47]} 39. Kg2 {[%clk 1:03:10]} 39... Kg6 {[%clk 0:39:45]} 40.
Ra6 {[%clk 1:03:18]} 40... Kf5 {[%clk 0:38:43]} 41. Ra4 {[%clk 1:01:45]} 41...
Ke5 {[%clk 0:34:40]} 42. Rc4 {[%clk 1:00:06]} 42... Rxc4 {[%clk 0:30:13]} 43.
Bxc4 {[%clk 1:00:29]} 43... f6 {[%clk 0:28:54]} 44. a4 {[%clk 1:00:47]} 44...
Kd4 {[%clk 0:29:12]} 45. a5 {[%clk 0:59:39]} 45... Kc5 {[%clk 0:29:00]} 46. a6
{[%clk 1:00:03]} 46... Kxc6 {[%clk 0:28:40]} 47. Kf3 {[%clk 0:59:59]} 47... Bc5
{[%clk 0:29:00]} 48. Bf1 {[%clk 0:58:45]} 48... Kd5 {[%clk 0:27:12]} 49. Kg3 {
[%clk 0:58:01]} 49... Ke5 {[%clk 0:27:18]} 50. f4+ {[%clk 0:57:18]} 50... Ke4 {
[%clk 0:25:24]} 51. Bg2+ {[%clk 0:56:32]} 51... Kf5 {[%clk 0:22:08]} 52. h4 {
[%clk 0:55:51]} 52... g5 {[%clk 0:21:14]} 53. Bh3+ {[%clk 0:54:43]} 53... Ke4 {
[%clk 0:19:38]} 54. f5 {[%clk 0:54:26]} 54... gxh4+ {[%clk 0:14:38]} 55. Kxh4 {
[%clk 0:54:32]} 55... Bd4 {[%clk 0:14:43]} 56. Kh5 {[%clk 0:54:28]} 56... Kd5 {
[%clk 0:14:47]} 57. Kxh6 {[%clk 0:54:42]} 57... Kc6 {[%clk 0:14:58]} 58. Kg6 {
[%clk 0:53:15]} 58... Kb6 {[%clk 0:15:11]} 59. Bf1 {[%clk 0:53:34]} 59... Ka7 {
[%clk 0:15:33]} 60. Kf7 {[%clk 0:53:47]} 60... Kb8 {[%clk 0:14:40]} 61. Ke7 {
[%clk 0:53:09]} 61... Kc7 {[%clk 0:14:26]} 62. Bg2 {[%clk 0:52:39]} 62... Kb8 {
[%clk 0:14:28]} 63. Bb7 {[%clk 0:52:24]} 63... Ka7 {[%clk 0:14:47]} 64. Kd7 {
[%clk 0:52:45]} 64... Ba1 {[%clk 0:14:56]} 65. Kc6 {[%clk 0:52:56]} 65... Be5 {
[%clk 0:15:11]} 1/2-1/2

[Event "DEM U10w 2019"]
[Site "Willingen GER"]
[Date "2019.06.11"]
[Round "5"]
[White "Oellrich, Emma"]
[Black "Bakó, Isabella"]
[Result "1-0"]
[Termination "normal"]
[Board "2"]
[WhiteElo "1484"]
[BlackElo "1215"]
[WhiteClock "00:40:31"]
[BlackClock "00:08:45"]
[PlyCount "65"]
[WhiteFideId "16268806"]
[BlackFideId "16287266"]
[EventCountry "GER"]
[EventRounds "11"]
[EventType "swiss"]
[EventDate "2019.06.08"]

1. e4 {[%clk 1:15:56]} 1... c5 {[%clk 1:15:52]} 2. Nf3 {[%clk 1:16:22]} 2... e6
{[%clk 1:16:07]} 3. d4 {[%clk 1:16:47]} 3... cxd4 {[%clk 1:16:19]} 4. Nxd4 {
[%clk 1:17:13]} 4... Nc6 {[%clk 1:16:27]} 5. Nc3 {[%clk 1:17:39]} 5... Qc7 {
[%clk 1:16:14]} 6. Be3 {[%clk 1:17:58]} 6... a6 {[%clk 1:16:09]} 7. Qf3 { [%clk
1:18:20]} 7... Nf6 {[%clk 1:14:42]} 8. O-O-O {[%clk 1:18:45]} 8... b5 { [%clk
1:11:50]} 9. e5 {[%clk 1:19:05]} 9... b4 {[%clk 1:06:36]} 10. Ncb5 { [%clk
1:19:19]} 10... axb5 {[%clk 1:05:30]} 11. Nxb5 {[%clk 1:19:44]} 11... Qxe5
{[%clk 1:03:57]} 12. Bf4 {[%clk 1:20:07]} 12... Qf5 {[%clk 0:58:10]} 13. Nc7+
{[%clk 1:20:10]} 13... Kd8 {[%clk 0:57:18]} 14. Nxa8 {[%clk 1:20:29]} 14... b3
{[%clk 0:55:26]} 15. axb3 {[%clk 1:17:22]} 15... Bb7 {[%clk 0:49:34]} 16. Nb6
{[%clk 1:14:22]} 16... Nd4 {[%clk 0:39:44]} 17. Qd3 {[%clk 1:14:38]} 17...
Qxf4+ {[%clk 0:27:24]} 18. Kb1 {[%clk 1:15:00]} 18... e5 {[%clk 0:26:07]} 19.
Qg3 {[%clk 1:10:13]} 19... Qf5 {[%clk 0:24:59]} 20. Bd3 {[%clk 1:08:49]} 20...
Be4 {[%clk 0:22:19]} 21. Nc4 {[%clk 1:00:10]} 21... Nc6 {[%clk 0:19:36]} 22.
Ne3 {[%clk 0:51:13]} 22... Qe6 {[%clk 0:17:31]} 23. Qh4 {[%clk 0:46:59]} 23...
Bxd3 {[%clk 0:15:41]} 24. Rxd3 {[%clk 0:44:42]} 24... Nb4 {[%clk 0:13:11] } 25.
Rdd1 {[%clk 0:41:18]} 25... Qa6 {[%clk 0:12:23]} 26. Nc4 {[%clk 0:40:29]} 26...
Qa2+ {[%clk 0:11:58]} 27. Kc1 {[%clk 0:40:43]} 27... Qa1+ {[%clk 0:11:51] } 28.
Kd2 {[%clk 0:41:01]} 28... Qa7 {[%clk 0:11:26]} 29. Nxe5 {[%clk 0:40:56]} 29...
Ke8 {[%clk 0:10:45]} 30. Rhe1 {[%clk 0:40:37]} 30... Be7 {[%clk 0:10:37]} 31.
Nf3 {[%clk 0:40:14]} 31... Qa2 {[%clk 0:09:24]} 32. Qxb4 {[%clk 0:40:31]} 32...
Nd5 {[%clk 0:08:45]} 33. Qb8# 1-0

[Event "DEM U10w 2019"]
[Site "Willingen GER"]
[Date "2019.06.11"]
[Round "5"]
[White "Heutling, Sarah"]
[Black "Sickmann, Lisa"]
[Result "0-1"]
[Termination "normal"]
[Board "3"]
[WhiteElo "1147"]
[BlackElo "1418"]
[WhiteClock "00:50:45"]
[BlackClock "01:05:16"]
[PlyCount "70"]
[WhiteFideId "16287304"]
[BlackFideId "16267818"]
[EventCountry "GER"]
[EventRounds "11"]
[EventType "swiss"]
[EventDate "2019.06.08"]

1. e4 {[%clk 1:15:59]} 1... c5 {[%clk 1:15:55]} 2. Nf3 {[%clk 1:16:23]} 2... e6
{[%clk 1:16:04]} 3. d4 {[%clk 1:16:46]} 3... cxd4 {[%clk 1:16:26]} 4. Nxd4 {
[%clk 1:17:08]} 4... a6 {[%clk 1:16:29]} 5. Nc3 {[%clk 1:17:27]} 5... Qc7 {
[%clk 1:16:15]} 6. Bd3 {[%clk 1:17:35]} 6... Bb4 {[%clk 1:15:55]} 7. Bd2 {
[%clk 1:17:52]} 7... Nf6 {[%clk 1:15:48]} 8. O-O {[%clk 1:17:51]} 8... O-O {
[%clk 1:15:58]} 9. a3 {[%clk 1:17:51]} 9... Be7 {[%clk 1:15:47]} 10. Qe2 {
[%clk 1:16:33]} 10... d6 {[%clk 1:14:13]} 11. Bc4 {[%clk 1:13:59]} 11... Rd8 {
[%clk 1:11:51]} 12. Qd3 {[%clk 1:11:41]} 12... Ng4 {[%clk 1:10:13]} 13. Qg3 {
[%clk 1:10:16]} 13... Qxc4 {[%clk 1:09:34]} 14. Qxg4 {[%clk 1:09:52]} 14...
Qxd4 {[%clk 1:09:46]} 15. Be3 {[%clk 1:08:58]} 15... Qc4 {[%clk 1:03:51]} 16.
Rad1 {[%clk 1:07:14]} 16... Nd7 {[%clk 1:02:44]} 17. Rd4 {[%clk 1:04:35]} 17...
Qc7 {[%clk 1:01:00]} 18. Qh3 {[%clk 0:57:34]} 18... Nf6 {[%clk 1:00:56]} 19.
Bg5 {[%clk 0:54:43]} 19... e5 {[%clk 1:01:12]} 20. Qd3 {[%clk 0:52:19]} 20...
exd4 {[%clk 1:01:35]} 21. Qxd4 {[%clk 0:52:30]} 21... Qc5 {[%clk 1:02:22]} 22.
Qd2 {[%clk 0:52:33]} 22... Be6 {[%clk 1:01:37]} 23. Na4 {[%clk 0:51:13]} 23...
Nxe4 {[%clk 1:00:46]} 24. Nxc5 {[%clk 0:49:50]} 24... Nxd2 {[%clk 1:01:07]} 25.
Bxe7 {[%clk 0:49:35]} 25... Nxf1 {[%clk 1:01:27]} 26. Bxd8 {[%clk 0:49:53]}
26... Rxd8 {[%clk 1:01:51]} 27. Kxf1 {[%clk 0:49:51]} 27... dxc5 { [%clk
1:02:15]} 28. Ke2 {[%clk 0:49:44]} 28... Bc4+ {[%clk 1:02:19]} 29. Ke3 { [%clk
0:49:27]} 29... Re8+ {[%clk 1:02:45]} 30. Kd2 {[%clk 0:49:35]} 30... Re2+
{[%clk 1:03:10]} 31. Kc3 {[%clk 0:49:50]} 31... Rxf2 {[%clk 1:03:36]} 32. Kxc4
{[%clk 0:50:12]} 32... Rxg2 {[%clk 1:04:02]} 33. Kxc5 {[%clk 0:50:32]} 33...
Re2 {[%clk 1:04:25]} 34. Kb6 {[%clk 0:50:49]} 34... f5 {[%clk 1:04:51]} 35.
Kxb7 {[%clk 0:50:45]} 35... f4 {[%clk 1:05:16]} 0-1

[Event "DEM U10w 2019"]
[Site "Willingen GER"]
[Date "2019.06.11"]
[Round "5"]
[White "Glotz, Diana"]
[Black "Haug, Mara"]
[Result "1/2-1/2"]
[Termination "normal"]
[Board "5"]
[WhiteElo "1244"]
[BlackElo "1097"]
[WhiteClock "00:09:14"]
[BlackClock "00:10:53"]
[PlyCount "74"]
[WhiteFideId "16278500"]
[BlackFideId "16259300"]
[EventCountry "GER"]
[EventRounds "11"]
[EventType "swiss"]
[EventDate "2019.06.08"]

1. c4 {[%clk 1:15:58]} 1... e5 {[%clk 1:15:54]} 2. Nc3 {[%clk 1:16:13]} 2...
Nf6 {[%clk 1:16:12]} 3. g3 {[%clk 1:16:26]} 3... d5 {[%clk 1:16:28]} 4. cxd5 {
[%clk 1:16:04]} 4... Nxd5 {[%clk 1:16:43]} 5. Bg2 {[%clk 1:16:15]} 5... Nb6 {
[%clk 1:16:53]} 6. e3 {[%clk 1:15:28]} 6... Nc6 {[%clk 1:15:07]} 7. a3 { [%clk
1:12:58]} 7... Be7 {[%clk 1:12:28]} 8. Nge2 {[%clk 1:12:01]} 8... O-O { [%clk
1:06:45]} 9. O-O {[%clk 1:12:01]} 9... Be6 {[%clk 1:05:03]} 10. d4 { [%clk
1:11:06]} 10... Rb8 {[%clk 0:58:38]} 11. d5 {[%clk 1:10:54]} 11... Nxd5 { [%clk
0:48:36]} 12. Nxd5 {[%clk 1:10:11]} 12... Qd7 {[%clk 0:37:08]} 13. e4 { [%clk
1:06:09]} 13... Rbd8 {[%clk 0:32:00]} 14. Be3 {[%clk 1:04:30]} 14... f5 { [%clk
0:31:01]} 15. Nec3 {[%clk 1:03:50]} 15... fxe4 {[%clk 0:23:59]} 16. Bxe4 {[%clk
1:03:17]} 16... Bf5 {[%clk 0:22:29]} 17. Bg2 {[%clk 1:01:13]} 17... Kh8 {[%clk
0:19:46]} 18. b4 {[%clk 0:53:32]} 18... Qe6 {[%clk 0:17:16]} 19. Ra2 { [%clk
0:45:36]} 19... Rd7 {[%clk 0:17:00]} 20. Rd2 {[%clk 0:43:38]} 20... Rfd8 {[%clk
0:15:52]} 21. h3 {[%clk 0:40:15]} 21... e4 {[%clk 0:13:36]} 22. f3 { [%clk
0:35:43]} 22... exf3 {[%clk 0:13:02]} 23. Bxf3 {[%clk 0:36:04]} 23... Bf6
{[%clk 0:12:40]} 24. Bg4 {[%clk 0:35:11]} 24... Bxc3 {[%clk 0:11:56]} 25. Bxf5
{[%clk 0:33:24]} 25... Qe8 {[%clk 0:11:11]} 26. Nxc3 {[%clk 0:33:44]} 26...
Qxe3+ {[%clk 0:11:20]} 27. Kh1 {[%clk 0:18:03]} 27... Rxd2 28. Qh5 { [%clk
0:17:50]} 28... Qh6 {[%clk 0:11:54]} 29. Qf7 {[%clk 0:15:50]} 29... Qd6 { [%clk
0:11:42]} 30. Ne4 {[%clk 0:15:10]} 30... Qd5 {[%clk 0:10:10]} 31. Qh5 { [%clk
0:12:34]} 31... g6 {[%clk 0:10:00]} 32. Qg5 {[%clk 0:08:21]} 32... gxf5 { [%clk
0:09:35]} 33. Qf6+ {[%clk 0:08:29]} 33... Kg8 {[%clk 0:09:47]} 34. Qg5+ { [%clk
0:08:30]} 34... Kh8 {[%clk 0:09:41]} 35. Qf6+ {[%clk 0:08:49]} 35... Kg8 {[%clk
0:10:01]} 36. Qg5+ {[%clk 0:09:07]} 36... Kh8 {[%clk 0:10:26]} 37. Qf6+ {[%clk
0:09:14]} 37... Kg8 {[%clk 0:10:53]} 1/2-1/2